| 000 | 00799pam a2200253 i 4500 | ||
|---|---|---|---|
| 005 | 20260322212030.0 | ||
| 008 | data | ||
| 010 | _a 80015420 | ||
| 020 | _a0440032997 | ||
| 020 | _a9780440032991 | ||
| 040 |
_aDLC _cDLC _dDLC |
||
| 050 | 0 | 0 |
_aPN2778.B43 _bA34 1980 |
| 082 | 0 | 0 |
_aB _aB |
| 100 | 1 |
_aBergman, Ingrid, _d1915-1982. |
|
| 245 | 1 | 0 |
_aIngrid Bergman, my story / _cIngrid Bergman & Alan Burgess. |
| 260 |
_aNew York : _bDelacorte Press, _cc1980. |
||
| 300 |
_a504 p., [32] leaves of plates : _bill. ; _c24 cm. |
||
| 500 | _aIncludes index. | ||
| 504 | _a"Chronology of the films, plays, and television appearances of Ingrid Bergman": p. 485-494. | ||
| 600 | 1 | 0 |
_aBergman, Ingrid, _d1915-1982. |
| 650 | 0 |
_aActors _zSweden _xBiography. |
|
| 700 | 1 |
_aBurgess, Alan, _ejoint author. |
|
| 001 | data | ||
| 999 |
_c686 _d686 |
||